000 01068cam a2200217 4500
001 ##L131523
008 110922n2005 000 0 eng u
035 _a(Sirsi) u131523
041 0 _aeng
050 0 4 _a344.410465
_b218
110 2 _aGreat Britain
_bHealth and Safety Commission
245 0 0 _aHealth and safety statistics 2004/5
260 _a[S.l.]
_bHSE
_c2005
300 _a24p.
_bill, bar charts, graphs, tables, maps.
520 _aProvides latest statistics on work-related health and safety in Great Britain Discusses key facts, workplace injuries, work-related ill health, injuries and ill health by industry and sector, country and region, progress against the targets set in "Revitalising Health and Safety'" strategy, and injuries to members of the public.
590 _aIKA221105
650 2 4 _aREPORTING OF INJURIES, DISEASES AND DANGEROUS OCCURENCES REGULATIONS 1995
690 _aMANAGEMENT-HEALTH AND SAFETY
856 4 0 _uhttps://www.hse.gov.uk/statistics/overall/hssh0405.pdf
_zView the item free of charge at www.hse.gov.uk
942 _n0
999 _c104780
_d104780